Resignificación del principio de igualdad en materia tributaria desde una perspectiva de género (Registro nro. 35041)

Detalles MARC
000 -LEADER
fixed length control field 00368 a2200109 4500
001 - CONTROL NUMBER
control field ART_49472
005 - DATE AND TIME OF LATEST TRANSACTION
control field 20260410162043.0
008 - FIXED-LENGTH DATA ELEMENTS--GENERAL INFORMATION
fixed length control field 260409a
100 1# - MAIN ENTRY--PERSONAL NAME
Personal name Coronello, Silvina E.
245 10 - TITLE STATEMENT
Title Resignificación del principio de igualdad en materia tributaria desde una perspectiva de género
773 0# - HOST ITEM ENTRY
Title Impuestos
Related parts - N°57 (ago. 2019)
Record control number REV45175

No hay ítems disponibles.